000
00345nam a2200145Ia 4500
008
230718s9999 xx 000 0 und d
041
_a
Eng.
082
_a
34639
_b
KHA-N
100
_a
Khargammurala, F
245
0
_a
Negotiable Instrument (1881)
260
_a
Pakistan
_b
Mansor book house
_c
2001
300
_a
207
650
_a
Law
999
_c
28213
_d
28213